[Event "4NCL Division 3 South"]
[Site "Maidenhead, ENG"]
[Date "2022.02.12"]
[Round "3.85"]
[White "Kent, Rowan"]
[Black "Abhishek, Pradhan"]
[Result "0-1"]
[WhiteElo "1512"]
[BlackElo "1810"]
[PlyCount "68"]
[EventDate "2022.02.12"]
[WhiteTeam "Iceni 3"]
[BlackTeam "Barnet Knights B"]

1. e4 e6 2. d4 d5 3. e5 c5 4. c3 Nc6 5. Nf3 Bd7 6. Be2 Nge7 7. a3 Nf5 8. b4
cxd4 9. cxd4 Qb6 10. Bb2 Rc8 11. O-O Be7 12. g4 Nh4 13. Nbd2 Ng6 14. Nb3 Nf4
15. Bc1 Nxe2+ 16. Qxe2 Nb8 17. Re1 h6 18. Nc5 Bb5 19. Qd1 Nd7 20. a4 Bc4 21.
Rb1 Nxc5 22. dxc5 Bxc5 23. a5 Qb5 24. Bxh6 Bxf2+ 25. Kxf2 Rxh6 26. g5 Rh8 27.
Nd4 Qd7 28. Kg3 a6 29. h4 Bb5 30. Nf3 Ke7 31. Nd2 Rc3+ 32. Nf3 Rhc8 33. Qd2 Rd3
34. Qf4 Rc4 0-1

[Event "4NCL Division 3 South"]
[Site "Maidenhead, ENG"]
[Date "2022.02.12"]
[Round "3.86"]
[White "Sanfey, Gregor"]
[Black "Hartshorn, Harry"]
[Result "1-0"]
[WhiteElo "1735"]
[BlackElo "1278"]
[PlyCount "135"]
[EventDate "2022.02.12"]
[WhiteTeam "Barnet Knights B"]
[BlackTeam "Iceni 3"]

1. d4 Nf6 2. c4 g6 3. Nc3 Bg7 4. e4 d6 5. f3 O-O 6. Be3 e5 7. Nge2 exd4 8. Nxd4
Bd7 9. Qd2 Re8 10. Be2 Nc6 11. O-O-O Nxd4 12. Bxd4 a6 13. g4 h5 14. Bxf6 Bxf6
15. gxh5 Bg4 16. f4 Bxc3 17. bxc3 Bxh5 18. Bxh5 gxh5 19. Qg2+ Kf8 20. e5 Qh4
21. Rhf1 dxe5 22. Rd7 Qg4 23. Qd5 Qe6 24. fxe5 Qxd5 25. cxd5 Re7 26. Rxe7 Kxe7
27. Rg1 Rd8 28. Rd1 c6 29. c4 b5 30. cxb5 axb5 31. dxc6 Rxd1+ 32. Kxd1 Kd8 33.
Kd2 Kc7 34. Kd3 Kxc6 35. Kd4 h4 36. h3 Kb6 37. Kd5 Ka5 38. Kd6 Ka4 39. Ke7 Ka3
40. Kxf7 Kxa2 41. e6 b4 42. e7 b3 43. e8=Q b2 44. Qa4+ Kb1 45. Ke6 Kc1 46. Qc4+
Kd1 47. Qd3+ Kc1 48. Kf5 b1=Q 49. Qxb1+ Kxb1 50. Kg4 Kc2 51. Kxh4 Kd3 52. Kg5
Ke4 53. h4 Ke5 54. h5 Ke6 55. Kg6 Ke7 56. Kg7 Ke8 57. h6 Kd7 58. h7 Kc7 59.
h8=Q Kb7 60. Qd8 Ka7 61. Qc8 Kb6 62. Qc4 Ka7 63. Qb5 Ka8 64. Kf7 Ka7 65. Ke7
Ka8 66. Kd7 Ka7 67. Kc7 Ka8 68. Qb7# 1-0

[Event "4NCL Division 3 South"]
[Site "Maidenhead, ENG"]
[Date "2022.02.12"]
[Round "3.91"]
[White "Lewis, Stephen"]
[Black "Tenin, Aleksander"]
[Result "0-1"]
[WhiteElo "1958"]
[BlackElo "2075"]
[PlyCount "174"]
[EventDate "2022.02.12"]
[WhiteTeam "Iceni 2"]
[BlackTeam "War and Piece A"]

1. e4 e5 2. d4 exd4 3. Qxd4 Nc6 4. Qe3 Bb4+ 5. Nd2 Nf6 6. Bb5 O-O 7. c3 Ba5 8.
Bxc6 bxc6 9. Ne2 Re8 10. O-O Ba6 11. Re1 d5 12. Ng3 Ng4 13. Qf4 Ne5 14. Nb3 Bb6
15. Be3 Nd3 16. Qg4 Nxe1 17. Nh5 g6 18. Bg5 Rxe4 19. Bxd8 Bxf2+ 20. Kxf2 Nd3+
21. Kg1 Rxg4 22. Nf6+ Kg7 23. Nxg4 Rxd8 24. Nf2 Nxb2 25. Nc5 Bc8 26. Re1 Kf8
27. Re2 Re8 28. Kf1 Nc4 29. Nfd3 Ne3+ 30. Kg1 Bg4 31. Rd2 Nc4 32. Rf2 Bf5 33.
Nb4 Re1+ 34. Rf1 Rxf1+ 35. Kxf1 Ne3+ 36. Ke2 Nxg2 37. Nxc6 Nf4+ 38. Ke3 Ne6 39.
Nd7+ Kg7 40. Nxa7 c5 41. a4 d4+ 42. cxd4 cxd4+ 43. Kd2 Ng5 44. Nc5 Ne6 45. Nd3
Be4 46. Nb5 Kf6 47. a5 g5 48. Nb4 Ke5 49. a6 g4 50. a7 h5 51. Nd3+ Kf6 52. Nxd4
Nxd4 53. Ke3 Kf5 54. Kxd4 h4 55. Nf2 Bb7 56. Ke3 g3 57. hxg3 hxg3 58. Nd3 Kg4
59. Nc1 f5 60. Ke2 f4 61. Nd3 Bf3+ 62. Ke1 Kf5 63. Kf1 Ba8 64. Ke2 Bb7 65. Nc5
Bc6 66. Nd3 Ba8 67. Ne1 Ke4 68. Nf3 Kd5 69. Ng5 Kd6 70. Nh3 Ke5 71. Ng5 Bd5 72.
Nf3+ Kd6 73. Ng5 Bc6 74. Nh3 f3+ 75. Kf1 Kc7 76. Nf4 Kb7 77. Nh5 g2+ 78. Kf2
Kxa7 79. Nf4 Kb6 80. Kg1 Kc5 81. Nh3 Kd4 82. Nf2 Ke3 83. Nd1+ Ke2 84. Nf2 Bd7
85. Ne4 Bf5 86. Nf2 Ke1 87. Kh2 Kf1 0-1

[Event "4NCL Division 3 South"]
[Site "Maidenhead, ENG"]
[Date "2022.02.12"]
[Round "3.92"]
[White "Tucker, David S"]
[Black "Rosenbach, Martin"]
[Result "1/2-1/2"]
[WhiteElo "1924"]
[BlackElo "1935"]
[PlyCount "59"]
[EventDate "2022.02.12"]
[WhiteTeam "War and Piece A"]
[BlackTeam "Iceni 2"]

1. e4 e6 2. d4 d5 3. Nc3 dxe4 4. Nxe4 Nd7 5. Nf3 Ngf6 6. Bd3 Be7 7. O-O O-O 8.
c3 b6 9. Qe2 Bb7 10. Bd2 Nxe4 11. Bxe4 Bxe4 12. Qxe4 Nf6 13. Qd3 c5 14. Be3
cxd4 15. Bxd4 Bc5 16. Rad1 Bxd4 17. Qxd4 Qc7 18. Qe5 Qxe5 19. Nxe5 Rfd8 20. Nc6
Rxd1 21. Rxd1 Kf8 22. Rd4 Nd5 23. c4 Ne7 24. Nxe7 Kxe7 25. f3 Rc8 26. b3 Rc6
27. Kf2 Rd6 28. Ke3 e5 29. Re4 Re6 30. f4 1/2-1/2

[Event "4NCL Division 3 South"]
[Site "Maidenhead, ENG"]
[Date "2022.02.12"]
[Round "3.93"]
[White "Lightfoot, Malcolm J"]
[Black "Foulds, Andrew"]
[Result "1-0"]
[WhiteElo "1924"]
[BlackElo "1843"]
[PlyCount "81"]
[EventDate "2022.02.12"]
[WhiteTeam "Iceni 2"]
[BlackTeam "War and Piece A"]

1. e4 d5 2. exd5 Nf6 3. Bb5+ Nbd7 4. d4 a6 5. Be2 Nb6 6. c4 e6 7. dxe6 Bxe6 8.
d5 Bd7 9. Nf3 Bd6 10. O-O O-O 11. Nc3 Bf5 12. Nd4 Bg6 13. Be3 Nbd7 14. a3 Re8
15. b4 Ne5 16. c5 Bf8 17. Bg5 Nxd5 18. Bxd8 Nxc3 19. Qb3 Nxe2+ 20. Nxe2 Raxd8
21. Nf4 Bf5 22. Rad1 g5 23. Nh5 Be7 24. f3 Bg6 25. Ng3 h6 26. Rxd8 Rxd8 27. Rd1
Rxd1+ 28. Qxd1 Bd3 29. Ne4 f5 30. Nc3 c6 31. Na4 f4 32. Nb6 Bf5 33. Qe2 Bf6 34.
g4 fxg3 35. hxg3 Bd3 36. Qe3 Bg6 37. f4 Nf7 38. Nd7 Bb2 39. Ne5 Nxe5 40. fxe5
Kg7 41. e6 1-0

[Event "4NCL Division 3 South"]
[Site "Maidenhead, ENG"]
[Date "2022.02.12"]
[Round "3.94"]
[White "O'Byrne, Daniel"]
[Black "Ruthen, Stephen W"]
[Result "0-1"]
[WhiteElo "1674"]
[BlackElo "1830"]
[PlyCount "76"]
[EventDate "2022.02.12"]
[WhiteTeam "War and Piece A"]
[BlackTeam "Iceni 2"]

1. e4 e5 2. Nf3 Nc6 3. d4 exd4 4. Bc4 Bc5 5. c3 Nf6 6. e5 d5 7. exf6 dxc4 8.
fxg7 Rg8 9. Bg5 Qd5 10. O-O Rxg7 11. Re1+ Be6 12. cxd4 Nxd4 13. Nxd4 Rxg5 14.
Nf3 O-O-O 15. Nc3 Qxd1 16. Raxd1 Rgg8 17. Ne4 Be7 18. Nd4 Bd5 19. Ng3 Bb4 20.
Re5 Be6 21. Ne4 Bg4 22. f3 Bxf3 23. Nf6 Bxd1 24. Nxg8 Rxg8 25. Nf5 Bc2 26. Ne3
Bd3 27. g3 c6 28. Nf5 Kd7 29. a3 Bd6 30. Nxd6 Kxd6 31. Re3 Rg6 32. b3 Re6 33.
Rf3 f6 34. Rf4 Kd5 35. bxc4+ Bxc4 36. Rf5+ Kd4 37. Rf4+ Kc3 38. Rh4 Bd3 0-1

[Event "4NCL Division 3 South"]
[Site "Maidenhead, ENG"]
[Date "2022.02.12"]
[Round "3.95"]
[White "Feavyour, John A"]
[Black "Nelder, Allan"]
[Result "1-0"]
[WhiteElo "1837"]
[BlackElo "1633"]
[PlyCount "61"]
[EventDate "2022.02.12"]
[WhiteTeam "Iceni 2"]
[BlackTeam "War and Piece A"]

1. d4 g6 2. c4 d6 3. Nc3 Nf6 4. e4 Bg7 5. f4 c5 6. d5 a6 7. Nf3 Bg4 8. Be2 Qc7
9. O-O Nbd7 10. Be3 O-O 11. Qd2 Rab8 12. a4 Bxf3 13. Bxf3 Nb6 14. Be2 Qd7 15.
h3 Nh5 16. Kh2 e5 17. g3 exf4 18. gxf4 Bxc3 19. bxc3 Nf6 20. e5 Ne4 21. Qc2 f5
22. a5 Nc8 23. Bd3 b5 24. Bxe4 fxe4 25. Qxe4 Ne7 26. exd6 Qxd6 27. Qe5 Qd7 28.
Bxc5 Rfe8 29. Bd4 Nf5 30. Qh8+ Kf7 31. Qxh7+ 1-0

[Event "4NCL Division 3 South"]
[Site "Maidenhead, ENG"]
[Date "2022.02.12"]
[Round "3.96"]
[White "Chapman, Chas"]
[Black "Gaffney, Samuel"]
[Result "0-1"]
[WhiteElo "1661"]
[BlackElo "1841"]
[PlyCount "50"]
[EventDate "2022.02.12"]
[WhiteTeam "War and Piece A"]
[BlackTeam "Iceni 2"]

1. e4 d5 2. exd5 Qxd5 3. Nc3 Qa5 4. d4 Nf6 5. Bd2 c6 6. Be2 Bf5 7. Nf3 e6 8. a3
Nbd7 9. Ne4 Qb6 10. Nxf6+ gxf6 11. b4 Rg8 12. g3 Be4 13. Be3 Qc7 14. Bd3 Bg6
15. Bxg6 hxg6 16. O-O Nb6 17. Bf4 Bd6 18. Bxd6 Qxd6 19. Re1 Qd5 20. Re3 Nc4 21.
Rb3 b5 22. a4 a6 23. axb5 cxb5 24. c3 Ke7 25. Nd2 Nxd2 0-1

[Event "4NCL Division 3 South"]
[Site "Maidenhead, ENG"]
[Date "2022.02.12"]
[Round "3.101"]
[White "Smith, Steven J"]
[Black "Seymour, Timothy P"]
[Result "1-0"]
[WhiteElo "1851"]
[BlackElo "2119"]
[PlyCount "101"]
[EventDate "2022.02.12"]
[WhiteTeam "Wessex Some Stars C"]
[BlackTeam "Surbiton"]

1. d4 Nf6 2. c4 e6 3. Nf3 d5 4. e3 Be7 5. Nc3 O-O 6. Bd3 c5 7. cxd5 cxd4 8.
exd4 Nxd5 9. O-O Nc6 10. a3 Nxc3 11. bxc3 Qc7 12. Qc2 h6 13. Be3 Rd8 14. Qd2
Bf8 15. Bf4 Qa5 16. Qc2 b6 17. Rfb1 Ba6 18. Bh7+ Kh8 19. Be4 Rac8 20. Bxc6 Rxc6
21. Ne5 Rxc3 22. Nxf7+ Kg8 23. Qg6 Rxd4 24. Nxh6+ Kh8 25. Nf7+ Kg8 26. Ng5 Qf5
27. Qxf5 exf5 28. Be5 Rdd3 29. Bxc3 Rxc3 30. Rc1 Rxc1+ 31. Rxc1 Bd6 32. Rd1 Be7
33. h4 Bb5 34. Rc1 g6 35. Rc7 Bxa3 36. Rxa7 Bc5 37. Ra8+ Kg7 38. Ne6+ Kf7 39.
Nxc5 bxc5 40. Ra5 Bc6 41. Rxc5 Be4 42. f3 Bd3 43. Kf2 Bb1 44. Ke3 Kf6 45. Kf4
Bd3 46. Rc6+ Kf7 47. Kg5 Bf1 48. g3 Be2 49. Rf6+ Ke7 50. f4 Bh5 51. Rxg6 1-0

[Event "4NCL Division 3 South"]
[Site "Maidenhead, ENG"]
[Date "2022.02.12"]
[Round "3.102"]
[White "Singleton, Michael P F"]
[Black "Deacon, David J"]
[Result "1-0"]
[WhiteElo "2053"]
[BlackElo "1665"]
[PlyCount "47"]
[EventDate "2022.02.12"]
[WhiteTeam "Surbiton"]
[BlackTeam "Wessex Some Stars C"]

1. d4 Nf6 2. c4 g6 3. Nc3 d5 4. cxd5 Nxd5 5. e4 Nxc3 6. bxc3 Bg7 7. Bc4 c5 8.
Ne2 Nc6 9. Be3 O-O 10. O-O Qc7 11. Rc1 Na5 12. Bd3 Rd8 13. Qd2 b6 14. f4 e5 15.
fxe5 c4 16. Bc2 Bxe5 17. Bf4 Bb7 18. Qe3 Bxf4 19. Rxf4 Rf8 20. Rcf1 Qe7 21. Rf6
Kg7 22. e5 Rad8 23. Qg5 Rd7 24. Ng3 1-0

[Event "4NCL Division 3 South"]
[Site "Maidenhead, ENG"]
[Date "2022.02.12"]
[Round "3.103"]
[White "Stuart, Graham"]
[Black "Boughen, Andrew"]
[Result "0-1"]
[WhiteElo "1760"]
[BlackElo "1831"]
[PlyCount "70"]
[EventDate "2022.02.12"]
[WhiteTeam "Wessex Some Stars C"]
[BlackTeam "Surbiton"]

1. e4 c6 2. d4 d5 3. exd5 cxd5 4. Nf3 Nc6 5. Bb5 a6 6. Ba4 b5 7. Bb3 Bg4 8. c3
e6 9. O-O Nf6 10. Bg5 Be7 11. Re1 O-O 12. Bc2 Rc8 13. Bd3 Qb6 14. Qe2 Ra8 15.
h3 Bxf3 16. Qxf3 b4 17. Nd2 h6 18. Bh4 Rfc8 19. Rab1 Qa5 20. Nb3 Qxa2 21. Bxf6
Qxb3 22. Bxe7 Nxe7 23. cxb4 Qxb4 24. g4 Qxd4 25. g5 hxg5 26. Rbd1 Qf4 27. Qh5
Qh4 28. Qf3 a5 29. Re2 Nc6 30. Qe3 g4 31. hxg4 Qxg4+ 32. Kf1 Rab8 33. Bb1 a4
34. Qd3 Qh5 35. Bc2 Qh1# 0-1

[Event "4NCL Division 3 South"]
[Site "Maidenhead, ENG"]
[Date "2022.02.12"]
[Round "3.104"]
[White "Alcock, Graham P"]
[Black "Deacon, Nicholas"]
[Result "1-0"]
[WhiteElo "1736"]
[BlackElo "1422"]
[PlyCount "35"]
[EventDate "2022.02.12"]
[WhiteTeam "Surbiton"]
[BlackTeam "Wessex Some Stars C"]

1. e4 c5 2. c3 d5 3. exd5 Qxd5 4. Nf3 Nf6 5. d4 Nc6 6. c4 Qe4+ 7. Be3 Bg4 8.
Nc3 Bxf3 9. gxf3 Qh4 10. d5 Ne5 11. Qa4+ Nfd7 12. O-O-O b6 13. Nb5 Kd8 14. Nxa7
Rxa7 15. Qxa7 e6 16. dxe6 fxe6 17. f4 Nc6 18. Qxd7# 1-0

[Event "4NCL Division 3 South"]
[Site "Maidenhead, ENG"]
[Date "2022.02.12"]
[Round "3.105"]
[White "Jerome, David"]
[Black "Markov, Alexey"]
[Result "0-1"]
[WhiteElo "1218"]
[BlackElo "1621"]
[PlyCount "84"]
[EventDate "2022.02.12"]
[WhiteTeam "Wessex Some Stars C"]
[BlackTeam "Surbiton"]

1. d4 Nf6 2. Bf4 g6 3. Nf3 Bg7 4. e3 O-O 5. Bd3 d6 6. O-O Nh5 7. Re1 Nxf4 8.
exf4 Bg4 9. c3 Re8 10. Nbd2 e5 11. h3 Bc8 12. fxe5 dxe5 13. Qb3 exd4 14. Rxe8+
Qxe8 15. Re1 Qd8 16. Bc4 Bd7 17. Bxf7+ Kh8 18. h4 Nc6 19. Be6 dxc3 20. bxc3
Bxe6 21. Rxe6 Na5 22. Qc2 Qd7 23. Qe4 Nc6 24. h5 Bxc3 25. Nf1 gxh5 26. Ng5 Qg7
27. f4 Qd4+ 28. Qxd4+ Bxd4+ 29. Kh2 Kg7 30. Ng3 Rf8 31. Nxh5+ Kg8 32. Rh6 Rf5
33. Rxh7 Rxg5 34. Rh6 Ra5 35. f5 Ne5 36. Nf4 Ng4+ 37. Kh3 Nxh6 38. Ne6 Nxf5 39.
Nxc7 Kf7 40. g4 Ng7 41. Kh4 Rc5 42. Na8 Rc8 0-1

[Event "4NCL Division 3 South"]
[Site "Maidenhead, ENG"]
[Date "2022.02.12"]
[Round "3.111"]
[White "Graham, William M"]
[Black "Farahi-Far, Arman"]
[Result "1-0"]
[WhiteElo "1950"]
[BlackElo "1730"]
[PlyCount "75"]
[EventDate "2022.02.12"]
[WhiteTeam "Sussex Martlets 3"]
[BlackTeam "Barnet Knights C"]

1. c4 Nf6 2. g3 g6 3. Bg2 Bg7 4. Nc3 d6 5. e4 e5 6. Nge2 Nc6 7. O-O O-O 8. h3
Be6 9. d3 Qd7 10. Kh2 Ne8 11. Be3 f5 12. Nd5 h6 13. Qd2 Kh7 14. f4 Ne7 15. exf5
Nxf5 16. fxe5 c6 17. Nf6+ Nxf6 18. exf6 Nxe3 19. Qxe3 Rxf6 20. Nf4 Re8 21. Qxa7
Rff8 22. Nxe6 Rxe6 23. Rxf8 Bxf8 24. Qf2 Bg7 25. Rf1 Rf6 26. Qb6 Rxf1 27. Bxf1
Qf5 28. Kg2 Qf7 29. b3 Bb2 30. Be2 Ba3 31. Qe3 c5 32. Bf3 b6 33. Bd5 Qd7 34.
Qf4 Bb2 35. Qf8 Qg7 36. Qxd6 Bc1 37. Qxb6 Qb2+ 38. Kf3 1-0

[Event "4NCL Division 3 South"]
[Site "Maidenhead, ENG"]
[Date "2022.02.12"]
[Round "3.112"]
[White "Bloom, Paul"]
[Black "Hedger, Alec"]
[Result "1/2-1/2"]
[WhiteElo "1670"]
[BlackElo "1910"]
[PlyCount "88"]
[EventDate "2022.02.12"]
[WhiteTeam "Barnet Knights C"]
[BlackTeam "Sussex Martlets 3"]

1. e4 c5 2. Nc3 e6 3. Be2 d5 4. d3 d4 5. Nb1 Nc6 6. f4 Nf6 7. Nd2 Qa5 8. Nh3 e5
9. f5 b5 10. O-O Qb6 11. Kh1 Ba6 12. Nf2 Rc8 13. Ng4 Be7 14. Nxf6+ Bxf6 15. Nf3
c4 16. Bg5 Nb4 17. Bxf6 gxf6 18. Ne1 Bb7 19. a3 Na6 20. Rf3 b4 21. Rg3 b3 22.
dxc4 Bxe4 23. Rxb3 Qc6 24. c5 Nc7 25. Bf3 Bxf3 26. Rxf3 Qxc5 27. Nd3 Qd6 28.
Qe2 Nd5 29. Nb4 Nxb4 30. axb4 Qxb4 31. Rb3 Qc5 32. Qe4 a5 33. Rb7 Rf8 34. h3
Qxc2 35. Qxc2 Rxc2 36. Rxa5 Kd8 37. Raa7 Kc8 38. Re7 Rxb2 39. Ra8+ Rb8 40. Raa7
Rb1+ 41. Kh2 Kb8 42. Rad7 Rb2 43. Kg1 Rg8 44. Kf1 Rc8 1/2-1/2

[Event "4NCL Division 3 South"]
[Site "Maidenhead, ENG"]
[Date "2022.02.12"]
[Round "3.113"]
[White "Wilton, Maximilian"]
[Black "Angelopoulos, Nicos"]
[Result "0-1"]
[WhiteElo "1985"]
[BlackElo "1623"]
[PlyCount "90"]
[EventDate "2022.02.12"]
[WhiteTeam "Sussex Martlets 3"]
[BlackTeam "Barnet Knights C"]

1. e4 c6 2. d4 d5 3. e5 Bf5 4. Nc3 e6 5. g4 Bg6 6. Nge2 c5 7. h4 h6 8. Be3 Qb6
9. dxc5 Bxc5 10. Bxc5 Qxc5 11. Nd4 Ne7 12. Qd2 Nbc6 13. Bb5 a6 14. Bxc6+ Nxc6
15. Nxc6 bxc6 16. O-O-O Rb8 17. Rdf1 d4 18. Nd1 Qxe5 19. f4 Qd5 20. Kb1 c5 21.
Qf2 Be4 22. Rhg1 c4 23. Ka1 O-O 24. c3 Rfd8 25. h5 f6 26. g5 fxg5 27. fxg5 Rf8
28. Qg3 Qxg5 29. Qxg5 hxg5 30. cxd4 Rxf1 31. Rxf1 Rf8 32. Rg1 Bd3 33. Ne3 Rf3
34. Re1 Kh7 35. a3 Kh6 36. Ng4+ Kxh5 37. Ne5 Rh3 38. Rc1 g4 39. Ka2 g3 40. b3
Rh2+ 41. Ka1 g2 42. bxc4 Rh1 43. Nxd3 Rxc1+ 44. Nxc1 g1=Q 45. Kb2 Qxd4+ 0-1

[Event "4NCL Division 3 South"]
[Site "Maidenhead, ENG"]
[Date "2022.02.12"]
[Round "3.114"]
[White "Sarkar, Rian"]
[Black "Michaud, Gerald"]
[Result "0-1"]
[WhiteElo "1603"]
[BlackElo "1853"]
[PlyCount "120"]
[EventDate "2022.02.12"]
[WhiteTeam "Barnet Knights C"]
[BlackTeam "Sussex Martlets 3"]

1. d4 Nf6 2. c4 e6 3. Nf3 b6 4. Bg5 Be7 5. Nc3 Bb7 6. e3 d6 7. Be2 Nbd7 8. b4
O-O 9. O-O h6 10. Bh4 Ne4 11. Bxe7 Qxe7 12. Qc2 f5 13. Nd2 Nxd2 14. Qxd2 a5 15.
a3 Qg5 16. d5 e5 17. Nb5 Rfc8 18. Bd3 Ba6 19. Qc2 e4 20. Be2 Bxb5 21. cxb5 Qe7
22. Rfc1 Ne5 23. Qc3 Qf7 24. h3 Qxd5 25. Bc4 Nxc4 26. Qxc4 Qxc4 27. Rxc4 axb4
28. Rxb4 Kf7 29. f4 c5 30. bxc6 Rxc6 31. a4 Ke6 32. Rab1 Ra6 33. Kh2 Rc3 34.
Rxb6 Rxb6 35. Rxb6 Rxe3 36. a5 Ra3 37. Ra6 g5 38. g3 Ra2+ 39. Kg1 gxf4 40. gxf4
Kd5 41. Ra8 e3 42. Re8 Kd4 43. Kf1 Rxa5 44. Re6 d5 45. Ke2 Ra2+ 46. Kf3 Rf2+
47. Kg3 h5 48. h4 Rf1 49. Re5 Rg1+ 50. Kf3 Rg4 51. Rxe3 Rg3+ 52. Kxg3 Kxe3 53.
Kg2 Ke2 54. Kg3 d4 55. Kh2 d3 56. Kh3 d2 57. Kh2 Kf2 58. Kh3 d1=Q 59. Kh2 Qg1+
60. Kh3 Qg3# 0-1

[Event "4NCL Division 3 South"]
[Site "Maidenhead, ENG"]
[Date "2022.02.12"]
[Round "3.115"]
[White "Finn, Daniel"]
[Black "Farahi-Far, Mohammad"]
[Result "1-0"]
[WhiteElo "1820"]
[BlackElo "1549"]
[PlyCount "65"]
[EventDate "2022.02.12"]
[WhiteTeam "Sussex Martlets 3"]
[BlackTeam "Barnet Knights C"]

1. d4 Nf6 2. c4 d6 3. Nc3 g6 4. e4 Bg7 5. Nf3 O-O 6. Be2 Bg4 7. O-O Re8 8. Bg5
c5 9. d5 Nbd7 10. h3 Bxf3 11. Bxf3 Nb6 12. Be2 Nfd7 13. Rc1 Ne5 14. b3 a6 15.
Qc2 Qc7 16. f4 Ned7 17. f5 Nf6 18. Rce1 Nbd7 19. Bd2 e6 20. dxe6 fxe6 21. fxg6
hxg6 22. Bf4 e5 23. Bg5 Rf8 24. Qd2 Nb6 25. Rd1 Rad8 26. Bg4 Rf7 27. Be6 Qc6
28. Bxf6 Bxf6 29. Rxf6 Rdf8 30. Rxf7 Rxf7 31. Rf1 Kf8 32. Rxf7+ Ke8 33. Qh6 1-0

[Event "4NCL Division 3 South"]
[Site "Maidenhead, ENG"]
[Date "2022.02.12"]
[Round "3.116"]
[White "Angelopoulos, Andreas"]
[Black "Woods, Timothy J"]
[Result "1/2-1/2"]
[WhiteElo "1520"]
[BlackElo "1629"]
[PlyCount "41"]
[EventDate "2022.02.12"]
[WhiteTeam "Barnet Knights C"]
[BlackTeam "Sussex Martlets 3"]

1. d4 d6 2. c4 Nf6 3. Nc3 g6 4. Nf3 Bg7 5. e4 O-O 6. Be2 e5 7. O-O Nc6 8. d5
Ne7 9. Nd2 a5 10. b3 Nd7 11. Bb2 f5 12. a3 Nf6 13. f3 f4 14. Qc2 h5 15. b4 axb4
16. axb4 Rxa1 17. Rxa1 g5 18. Kf2 c6 19. Na4 g4 20. Rg1 Bd7 21. b5 1/2-1/2

[Event "4NCL Division 3 South"]
[Site "Maidenhead, ENG"]
[Date "2022.02.12"]
[Round "3.121"]
[White "Leadbetter, Scott"]
[Black "Smith, Graham"]
[Result "0-1"]
[WhiteElo "1613"]
[BlackElo "1993"]
[PlyCount "116"]
[EventDate "2022.02.12"]
[WhiteTeam "Crowthorne B"]
[BlackTeam "MK Phoenix 2"]

1. f4 e5 2. fxe5 Nc6 3. Nf3 d6 4. exd6 Qxd6 5. Nc3 Bg4 6. Ne4 Qg6 7. d3 f5 8.
Ng3 Bd6 9. Be3 f4 10. Nh4 Qf6 11. Ne4 Qxh4+ 12. Bf2 Qe7 13. Qd2 Nf6 14. Bh4
Nxe4 15. Bxe7 Nxd2 16. Bxd6 Nxf1 17. Bxf4 O-O 18. Rxf1 Nd4 19. Kd2 Ne6 20. Be3
Rxf1 21. Rxf1 a6 22. h3 Bh5 23. Rf5 Bg6 24. Re5 Kf7 25. h4 h6 26. g4 Rd8 27.
Kc3 c6 28. Bb6 Rd5 29. Rxd5 cxd5 30. e3 Ke7 31. Kb4 Kd6 32. Bd4 Be8 33. c4 g6
34. Kc3 Bd7 35. Bf6 dxc4 36. Kxc4 Bc6 37. d4 Bd5+ 38. Kc3 Bxa2 39. e4 Bb1 40.
Be5+ Ke7 41. d5 Nc5 42. Kd4 Nxe4 43. b4 h5 44. g5 Nd6 45. Kc5 b6+ 46. Kd4 Nf5+
47. Kc3 Nxh4 48. Bd4 b5 49. Be5 Nf5 50. Bf4 Ba2 51. d6+ Nxd6 52. Kd4 Nb7 53.
Ke5 a5 54. bxa5 Nxa5 55. Kd4 b4 56. Kd3 Ke6 57. Bd2 Nc6 58. Kc2 Bd5 0-1

[Event "4NCL Division 3 South"]
[Site "Maidenhead, ENG"]
[Date "2022.02.12"]
[Round "3.122"]
[White "Valentine, Brian J"]
[Black "Haslehurst, Harriet"]
[Result "1-0"]
[WhiteElo "1926"]
[BlackElo "1505"]
[PlyCount "45"]
[EventDate "2022.02.12"]
[WhiteTeam "MK Phoenix 2"]
[BlackTeam "Crowthorne B"]

1. e4 e5 2. Nf3 Nc6 3. Bb5 d6 4. O-O Nf6 5. Re1 Bg4 6. h3 Bh5 7. c3 a6 8. Ba4
b5 9. Bc2 Be7 10. d3 O-O 11. Nbd2 Nd7 12. Nf1 f5 13. exf5 Rxf5 14. g4 Bxg4 15.
hxg4 Rf8 16. Bb3+ Kh8 17. Bd5 Ndb8 18. d4 Ra7 19. dxe5 dxe5 20. Be3 Qd7 21.
N1h2 Ra8 22. Nxe5 Bd6 23. Nxd7 1-0

[Event "4NCL Division 3 South"]
[Site "Maidenhead, ENG"]
[Date "2022.02.12"]
[Round "3.123"]
[White "Love, James"]
[Black "Williamson, Kevin J"]
[Result "0-1"]
[WhiteElo "1479"]
[BlackElo "1883"]
[PlyCount "124"]
[EventDate "2022.02.12"]
[WhiteTeam "Crowthorne B"]
[BlackTeam "MK Phoenix 2"]

1. e4 e5 2. Nf3 d6 3. Bc4 Be6 4. Bxe6 fxe6 5. O-O Nf6 6. Nc3 Nc6 7. d4 exd4 8.
Nxd4 Nxd4 9. Qxd4 e5 10. Qc4 Qd7 11. Nd5 c6 12. Nxf6+ gxf6 13. Re1 O-O-O 14.
Be3 Kb8 15. a4 d5 16. exd5 cxd5 17. Qb5 d4 18. Bd2 Bd6 19. Qxd7 Rxd7 20. c3 d3
21. b4 Re8 22. g3 f5 23. f4 e4 24. Be3 h5 25. Rad1 Rc8 26. Bd2 Rg7 27. Kg2 h4
28. Rg1 Rcg8 29. Kf2 hxg3+ 30. Rxg3 Kc7 31. Rdg1 Rxg3 32. Rxg3 Rxg3 33. Kxg3
Be7 34. Kf2 Kc6 35. Ke3 Kd5 36. Be1 Kc4 37. h4 Kb3 38. h5 Kxa4 39. h6 Bf6 40.
Kd2 Kb3 41. Kd1 e3 42. h7 d2 43. Bh4 Bxc3 44. Be7 e2+ 45. Kxe2 Kc2 46. Bg5
d1=Q+ 47. Kf2 Bd4+ 48. Kg2 Qg4+ 49. Kh2 Qh5+ 50. Kg3 Qxh7 51. b5 a5 52. bxa6
bxa6 53. Kg2 a5 54. Kg3 a4 55. Bh4 Bf2+ 56. Kg2 Qxh4 57. Kf1 Qxf4 58. Kg2 a3
59. Kf1 a2 60. Ke2 Qe3+ 61. Kf1 a1=Q+ 62. Kg2 Qg3# 0-1

[Event "4NCL Division 3 South"]
[Site "Maidenhead, ENG"]
[Date "2022.02.12"]
[Round "3.124"]
[White "Matthews, Adrian M S"]
[Black "Coates, Christine"]
[Result "1-0"]
[WhiteElo "1841"]
[BlackElo "1330"]
[PlyCount "21"]
[EventDate "2022.02.12"]
[WhiteTeam "MK Phoenix 2"]
[BlackTeam "Crowthorne B"]

1. e4 d5 2. exd5 Qxd5 3. Nc3 Qd6 4. Nf3 Bg4 5. Bc4 a6 6. Bxf7+ Kxf7 7. Ng5+ Ke8
8. Qxg4 Qd7 9. Qf3 Nf6 10. Qxb7 Qc6 11. Qc8# 1-0

[Event "4NCL Division 3 South"]
[Site "Maidenhead, ENG"]
[Date "2022.02.12"]
[Round "3.125"]
[White "Talbot, James"]
[Black "Obi, Marc On"]
[Result "0-1"]
[WhiteElo "1200"]
[BlackElo "1797"]
[PlyCount "90"]
[EventDate "2022.02.12"]
[WhiteTeam "Crowthorne B"]
[BlackTeam "MK Phoenix 2"]

1. e4 c5 2. d4 cxd4 3. c3 dxc3 4. Nxc3 Nc6 5. Nf3 e6 6. Be3 Bb4 7. Qc2 Nge7 8.
a3 Bxc3+ 9. Qxc3 O-O 10. Bc4 d6 11. O-O a6 12. Rfd1 b5 13. Ba2 Qc7 14. Rac1 Bb7
15. b4 Rac8 16. Rd2 Rfd8 17. Bf4 e5 18. Be3 h6 19. Qb3 Ng6 20. g3 Qe7 21. Rdc2
Nb8 22. Nd2 Rxc2 23. Rxc2 Rc8 24. Rxc8+ Bxc8 25. Qd3 Qc7 26. Bd5 Ne7 27. Ba2
Bh3 28. Nf1 Nd7 29. Bd2 Nb6 30. Ne3 Bc8 31. f3 Bb7 32. Qb3 d5 33. Bc3 Nc4 34.
Ng4 f6 35. Be1 dxe4 36. a4 exf3 37. axb5 axb5 38. Ne3 Ba6 39. Qc2 g6 40. Qd3
Kg7 41. Nxc4 bxc4 42. Qxf3 Bb7 43. Qc3 Qc6 44. Qc2 Qh1+ 45. Kf2 Qg2+ 0-1

[Event "4NCL Division 3 South"]
[Site "Maidenhead, ENG"]
[Date "2022.02.12"]
[Round "3.131"]
[White "Balloglu, Piro"]
[Black "Sparkes, Daniel A"]
[Result "1/2-1/2"]
[WhiteElo "2064"]
[BlackElo "1945"]
[PlyCount "89"]
[EventDate "2022.02.12"]
[WhiteTeam "Hackney Returns"]
[BlackTeam "CSC 2"]

1. e4 c5 2. Nf3 g6 3. d4 cxd4 4. Nxd4 Nc6 5. Nxc6 bxc6 6. Nc3 Bg7 7. Bd3 d6 8.
O-O Nf6 9. h3 O-O 10. Bg5 Qb6 11. Rb1 Ba6 12. Be3 Qb7 13. Qd2 Bxd3 14. Qxd3 d5
15. Bc5 dxe4 16. Nxe4 Rfd8 17. Nxf6+ Bxf6 18. Qe2 Rd5 19. Be3 Rad8 20. b3 Qd7
21. Qa6 Bd4 22. c4 Rd6 23. Bf4 e5 24. Bg5 f6 25. c5 Re6 26. Be3 Bxe3 27. fxe3
Qd3 28. Qxa7 Qxe3+ 29. Kh1 Rd2 30. a4 Qe4 31. Rg1 Rxg2 32. Rxg2 Qxb1+ 33. Kh2
Qf5 34. Qd7 e4 35. Rd2 Qe5+ 36. Kg2 e3 37. Qc8+ Kg7 38. Rd7+ Re7 39. Rxe7+ Qxe7
40. Kf1 Qxc5 41. Qc7+ Kf8 42. Qd8+ Kf7 43. Qd7+ Kf8 44. Qd8+ Kg7 45. Qc7+
1/2-1/2